000 00540nam a2200217Ia 4500
003 OSt
005 20220928142045.0
006 a|||||r|||| 00| 0
007 ta
008 220927b |||||||| |||| 00| 0 eng d
024 _a18431
037 _cTextual
040 _aSDCL
_cSDCL
_beng
041 _2eng
_aeng
082 _aW:28, L2
100 _aMeyer Marshall W
_9502735
245 0 _aBureaucratic structure and authority
260 _c1972
942 _hW:28, L2
_cTEXL
_2CC
999 _c820668
_d820668